000 01762nam a2200301 c 4500
003 BLK
005 20180422120506.0
008 180411b bul|||||r ||||||| ||bul||
010 _aKNG00211154000
040 _aBLK
041 _aBUL
_cBUL
080 _aГраждански контрол. Омбудсман. Контрол за общественото управление. Контрол от страна на самата администрация, от съда, парламента
_b351.9
_x(094)(075.8)
_z351.9(094)(075.8)
080 _aФинанси на стопанските организации (вкл. финансиране и управление на финансите). Финанси на стопанския сектор
_b336.6
_x(094)(075.8)
_z336.6(094)(075.8)
100 1 _aТомов, Йордан
_eпърви автор
_gИванов, Йордан Томов
_9254879
700 1 _aТананеев, Емилиян Стефанов
_eсъавт.
_9127473
700 1 _aКрумов, Крум
_eсъавт.
_9367344
139 _aТомов, Йордан и др.
_bТ 70
245 1 0 _aСборник от нормативни нагледни материали по контрол
_bЗа студентите от ВФСИ Д. А. Ценов - Свищов
_cЙордан Томов; съавт. Емилиян Стефанов Тананеев; съавт. Крум Крумов.
257 _aBGR
260 Свищов
_bВФСИ Д. А. Ценов
_c1989
300 _a217 с.
_bс табл., сх., диагр.
_c21 см
380 _a3
852 _aЦб 158344
856 4 _qpdf
_u
856 4 _qpdf
_u
942 _cKNG
_n0
944 _aCR
_c10.08.2017
_kНаталия_Любомирова
944 _aED
_c10.08.2017
_kНаталия_Любомирова
999 _c201701
_d201701